000 00416nam a22001577a 4500
005 20240831143150.0
008 240830b |||||||| |||| 00| 0 eng d
041 _aeng
082 _a540 DEV
100 _aDEVI, ALOKA
_98459
245 _aAPPLIED CHEMISTRY:1ST YEAR [1ST-SEMESTER] FOR DIPLOMA ENGINEERING STUDENTS
260 _aKOLKATA
_bBHAGABATI PUBLICATION
300 _a384;p
650 _aMINING
942 _cBK
999 _c8580
_d8578